Digital photography composition for dummies

Bibliographic Details
Main Author: Clark, Tom
Format: Book
Published: Hoboken, NJ : Wiley Publishing, Inc , 2011
Subjects:

MARC

LEADER 00000cam a2200000 7i4500
001 0000147306
005 20110929.0
020 |a 9780470647615 
090 0 0 |a 778.3   |b CLA 
100 1 |a Clark, Tom 
245 1 0 |a Digital photography composition for dummies   |c Tom Clark 
260 |a Hoboken, NJ :   |b Wiley Publishing, Inc ,   |c 2011 
300 |a 350p. ;   |c 24cm. 
650 0 0 |a Digital photography 
650 0 0 |a Photography 
999 |a 00246986   |b BUKU   |c PINJAMAN   |e PERPUSTAKAAN KOMUNITI PETALING JAYA